Guess the countries - Statistics

General Stats
  • This quiz has been taken 17 times
  • The average score is 8 of 10
Answer Stats
Fact Country % Correct
Famous for its pasta and pizza Italy
94%
Country with the highest mountain Nepal
94%
Where Cristiano Ronaldo is from Portugal
94%
Includes 50 states Usa
94%
The only country that borders ireland Uk
88%
Home to the famous Christ The Reddemer Brazil
82%
Where Nelson Mandela is from South Africa
82%
Has the third longest life expectancy Japan
71%
8th Largest country in the world Argentina
35%
Is the country closest to the moon Ecuador
29%
No matching quizzes found
Score Distribution
Percent of People with Each Score
Percentile by Number Answered
Your Score History
You have not taken this quiz